Extremo Oriente ibérico (Record no. 7872)

MARC details
000 -LEADER
campo de control de longitud fija 01416nam a2200289 i 4500
001 - NÚMERO DE CONTROL
campo de control 7872
003 - IDENTIFICADOR DE NÚMERO DE CONTROL
campo de control ES-MaACL
005 - FECHA Y HORA DE LA ÚLTIMA TRANSACCIÓN
campo de control 20230906145330.0
008 - DATOS DE LONGITUD FIJA--INFORMACIÓN GENERAL
campo de control de longitud fija 910516s1989 sp ||||1| spa d
020 ## - NÚMERO INTERNACIONAL ESTÁNDAR DEL LIBRO
Número Internacional Estándar del Libro 84-7232-527-X
080 ## - NÚMERO DE LA CLASIFICACIÓN DECIMAL UNIVERSAL
Número de la Clasificación Decimal Universal 325(460:5-11)(091)(063)
080 ## - NÚMERO DE LA CLASIFICACIÓN DECIMAL UNIVERSAL
Número de la Clasificación Decimal Universal 94(599)"1521/1812"(063)
080 ## - NÚMERO DE LA CLASIFICACIÓN DECIMAL UNIVERSAL
Número de la Clasificación Decimal Universal 94(=1.460:5-11)(063)
111 2# - ENTRADA PRINCIPAL--NOMBRE DE CONGRESO/REUNIÓN
Nombre de congreso/reunión o jurisdicción como elemento de entrada Simposium Internacional El Extremo Oriente Ibérico (
Número del congreso/reunión o número de parte o sección 1º.
Fecha del congreso o de la firma del tratado 1988.
Sede del congreso/Lugar de la reunión Madrid)
9 (RLIN) 172614
245 10 - MENCIÓN DEL TÍTULO
Título Extremo Oriente ibérico
Resto del título : investigaciones históricas : metodología y estado de la cuestión : actas del primer Simposium Internacional (Madrid, 7-10 de noviembre, 1988) /
Mención de responsabilidad, etc. prepararon la edición, Francisco de Solano, Florentino Rodao, Luis E. Togores.
260 ## - PUBLICACIÓN, DISTRIBUCIÓN, ETC.
Lugar de publicación, distribución, etc. Madrid :
Nombre del editor, distribuidor, etc. Agencia Española de Cooperación Internacional :
-- Centro de Estudios Históricos, Departamento de Historia de América,
Fecha de publicación, distribución, etc. 1989.
300 ## - DESCRIPCIÓN FÍSICA
Extensión 661 p. ;
Dimensiones 24 cm.
650 #4 - PUNTO DE ACCESO ADICIONAL DE MATERIA--TÉRMINO DE MATERIA
Término de materia o nombre geográfico como elemento de entrada Españoles-
Subdivisión geográfica Asia oriental-
Subdivisión de forma Congresos y asambleas.
9 (RLIN) 172615
651 #4 - PUNTO DE ACCESO ADICIONAL DE MATERIA--NOMBRE GEOGRÁFICO
Nombre geográfico España-
Subdivisión general Colonias-
Subdivisión geográfica Asia-
Subdivisión de forma Congresos y asambleas.
9 (RLIN) 172616
651 #4 - PUNTO DE ACCESO ADICIONAL DE MATERIA--NOMBRE GEOGRÁFICO
Nombre geográfico Filipinas-
Subdivisión general Historia-
Subdivisión cronológica 1521-1812.
9 (RLIN) 8659
700 1# - ENTRADA AGREGADA--NOMBRE PERSONAL
Nombre de persona Solano, Francisco de.
9 (RLIN) 107078
700 1# - ENTRADA AGREGADA--NOMBRE PERSONAL
Nombre de persona Rodao García, Florentino.
9 (RLIN) 147859
700 1# - ENTRADA AGREGADA--NOMBRE PERSONAL
Nombre de persona Togores Sánchez, Luis Eugenio.
9 (RLIN) 110423
710 2# - ENTRADA AGREGADA--NOMBRE DE ENTIDAD CORPORATIVA
Nombre de entidad corporativa o nombre de jurisdicción como elemento de entrada Agencia Española de Cooperación Internacional.
9 (RLIN) 1266
710 2# - ENTRADA AGREGADA--NOMBRE DE ENTIDAD CORPORATIVA
Nombre de entidad corporativa o nombre de jurisdicción como elemento de entrada Centro de Estudios Históricos (1985-1999)
9 (RLIN) 2639
852 ## - LOCALIZACIÓN
Ubicación ES-MaACL
Número de control de estantería L-15143
Holdings
Estatus retirado Estado de pérdida Estado de daño No para préstamo Biblioteca de origen Biblioteca actual Ubicación en estantería Fecha de adquisición Fuente de adquisición Total de préstamos Signatura topográfica completa Código de barras Visto por última vez Precio de reemplazo Tipo de ítem Koha
        Biblioteca del Ateneo de Madrid Biblioteca del Ateneo de Madrid Depósito 2 17/01/2008     L-15143 1008029 23/02/2023 23/02/2023 Libro impreso